|
|
|
|
| LEADER |
00869pam a22002418a 4500 |
| 001 |
00027482 |
| 005 |
20171026081022.0 |
| 008 |
111121s2000 ||||||Viesd |
| 020 |
|
|
|c 17000
|
| 041 |
0 |
# |
|a Vie
|
| 082 |
1 |
# |
|a 005.5
|b GI108TR
|
| 100 |
1 |
# |
|a Nguyễn, Thiện Tâm
|
| 245 |
1 |
0 |
|a Giáo trình Microsoft Access 2000
|c Nguyễn Thiện Tâm
|n T.2
|
| 260 |
# |
# |
|a Tp.Hồ Chí Minh
|b Đại học Quốc gia Tp. HCM
|c 2000
|
| 300 |
# |
# |
|a 175 tr.
|c 21 cm.
|b minh họa
|
| 500 |
# |
# |
|a ĐTTS ghi: Trung tâm tin học, Trường Đại học Khoa học tự nhiên TP.Hồ Chí Minh
|
| 653 |
# |
# |
|a Access
|
| 653 |
# |
# |
|a Phần mềm
|
| 653 |
# |
# |
|a Ứng dụng
|
| 852 |
# |
# |
|b Kho đọc
|j KD.0012031
|
| 852 |
# |
# |
|j KD.0012031
|
| 910 |
# |
# |
|a Ntuyet
|d 21/11/2011
|
| 980 |
# |
# |
|a Trung tâm Học liệu Lê Vũ Hùng, Trường Đại học Đồng Tháp
|